00000000nam 2200000zi 4500
0019.932826
003CaOODSP
00520241122135849
006m     o  d f      
007cr |n|||||||||
008240123e19900820onc     o    f000 0|eng d
040 |aCaOODSP|beng|erda|cCaOODSP
043 |an-cn---
0861 |aCo22-683/1990E-PDF
24500|aEmergence of the new media : |bare our policies adequate? : report on the workshop held on 25 July 1990, Hull, Québec.
264 1|a[Ottawa] : |bCommunications Canada, Strategic Policy Planning, |cAugust 20, 1990.
300 |a1 online resource (vii, 18 pages, 2 unnumbered pages)
336 |atext|btxt|2rdacontent
337 |acomputer|bc|2rdamedia
338 |aonline resource|bcr|2rdacarrier
500 |aDigitized edition from print [produced by Innovation, Science and Economic Development Canada].
500 |aIssued also in French under title: L'émergence des nouveaux médias : nos politiques sont-elles adéquates? : rapport sur l'atelier qui a eu lieu le 25 juillet 1990 à Hull (Québec)
61010|aCanada. |bCommunications Canada.
650 0|aCommunication and technology|zCanada.
650 0|aTelecommunication|xTechnological innovations|zCanada.
650 0|aMass media|xTechnological innovations|zCanada.
7101 |aCanada. |bCommunications Canada, |eissuing body.
77508|tL'émergence des nouveaux médias : |w(CaOODSP)9.945468
85640|qPDF|s954 KB|uhttps://publications.gc.ca/collections/collection_2024/isde-ised/co22/Co22-683-1990-eng.pdf